000 00617nam a2200229 i 4500
001 C2-0253411
003 PPAK
005 20180727220641.0
008 040311s1985 enka|||| ||||| | eng d
020 _a0356104958
040 _aPPAK
_beng
_cPPAK
_erda
082 0 4 _a643.55
_223
090 0 0 _a643.55
_bCON
_dR
245 0 0 _aConservatories and garden rooms
264 1 _aGreat Britain :
_bMacDonald ,
_c1985
300 _a192 pages :
_bcolour illustrations ;
_c28 cm
336 _2rdacontent
_atext
337 _2rdamedia
_aunmediated
338 _2rdacarrier
_avolume
650 1 0 _aGarden rooms
942 _ddc
_cB
999 _c66266
_d66266